| 000 | 01135cam a22003015a 4500 | ||
|---|---|---|---|
| 001 | 2573319 | ||
| 005 | 20160110133011.0 | ||
| 008 | 951030t1995 nyub frb 000 0 eng d | ||
| 020 | _a9780140245646 | ||
| 040 |
_aDLC _beng _cDLC _dEG-ScBUE _dEG-ScBUE |
||
| 043 |
_aaw----- _ae------ _an-us--- |
||
| 082 | 0 | 4 |
_a327.56 _bSHL _222 |
| 100 | 1 |
_aShlaim, Avi. _938952 |
|
| 245 | 1 | 0 |
_aWar and peace in the Middle East : _ba concise history / _cAvi Shlaim. |
| 250 | _aRev. and updated ed. | ||
| 260 |
_aNew York : _bPenguin Books, _cc.1995. |
||
| 300 |
_av, 151 p. : _bmaps ; _c19 cm. |
||
| 500 | _a"Breathtaking in its scope and historical precision"-- library journal. | ||
| 504 | _aBibliography : p. 147-151. | ||
| 650 | _2BUEsh | ||
| 651 | 0 |
_aMiddle East _xForeign relations. _2BUEsh |
|
| 651 | 0 |
_aMiddle East _xForeign relations _zEurope. _2BUEsh _934783 |
|
| 651 | 0 |
_aEurope _xForeign relations _zMiddle East. _2BUEsh _934784 |
|
| 651 | 0 |
_aMiddle East _xForeign relations _zUnited States. _2BUEsh |
|
| 651 | 0 |
_aUnited States _xForeign relations _zMiddle East. _2BUEsh |
|
| 653 |
_bBUSBOL _cJuly2015 _cDecember2015 _cJanuary2016 |
||
| 942 | _2ddc | ||
| 999 |
_c20251 _d20223 |
||